000 01041nem0a2200289 4500
001 RU\NLR\cart\3239
005 20260405070812.0
010 _a5-8213-0062-2
035 _a(NLR Aleph) 004273351
090 _a2278253
_c2278253
100 _a20040415d2001 |||y0rusy50 ca
101 0 _arus
102 _aRU
120 _abyy xx||
123 3 _aa
_b157 000 000
_b75 000 000
200 1 _aПриродоведение
_eАтлас: 3-5 кл.
_bКарты
_fПод общ. ред. Н.И. Сонина
206 _aМ-бы разн.
210 _aМ.
_cДрофа
_cДИК
_d2001
215 _a1 атл. (32 с.)
_cцв., карт., ил.
_d21х28 см
509 0 1 _7ca
_aМир
_92633185
_3RU\NLR\auth_crt\551
606 0 _aКомплексные атласы
_xУчебные
_92177720
_3RU\NLR\auth_crt\667
702 1 _4340
_8rus
_7ca
_aСонин
_bН. И.
_gНиколай Иванович
_3RU\NLR\auth\7717172
_9262
801 0 _aRU
_bNLR
_c20040415
_gPSBO
852 _aNLR
_bК
_j4-Мир 6/3660
_m01-280
942 _cMAP
980 _aNB